000 00750nam a2200217 a 4500
001 000041074
005 20201002034610.0
008 130917s1995 sp a 000 0 spa d
020 _a8400075579
040 _aDO-SdBNP
_bspa
_cBNPHU
082 _axxxxx
_bxxxxx
245 0 0 _aCristalografía /
_ccoordinadores Félix Hernández Cano, Concepción Foces-Foces, Martín Martínez-Ripoll.
260 _aMadrid, :
_bCSIC,
_c1995.
300 _a406 p. :
_bil. ;
_c24 cm.
490 1 _aNuevas tendencias
_v26
504 _aBibliografías : p. 406
700 1 _aHernández Cano, Félix,
_ecoord.
_967574
700 1 _aFoces-Foces, Concepción,
_ecoord.
_967575
700 1 _aMartínez-Ripoll, Martín,
_ecoord.
_967576
830 0 _aNuevas tendencias
_n26
_967577
999 _c40564
_d40564